000 00478nam a2200157 4500
999 _c5413
_d5413
008 161025b xxu||||| |||| 00| 0 eng d
022 _a9770118389007
082 _aDPer 641.05 F73 Mar-Nov 2012
100 _916691
_aDiaz, Tina Concepcion
245 _aOven smarts/
_cTina Concepcion Diaz.
260 _aQuezon City:
_bABS CBN Publishing, Inc.,
_c©2012.
300 _apages 82-83;
_c30 cm.
500 _aFood.
650 0 _916692
_aKitchen utensils
942 _2ddc
_cPER